[Event "Roncana op-C U14 7th"]
[Site "Santa Eulalia de Roncana"]
[Date "2013.11.23"]
[Round "7"]
[White "Pont Anon, Manel"]
[Black "Espada Espanol, Gil"]
[Result "0-1"]
[WhiteElo "1710"]
[BlackElo "1754"]
[PlyCount "120"]
[EventDate "2013.10.05"]
[EventType "swiss"]
[EventRounds "8"]
[EventCountry "ESP"]
[SourceTitle "EXT 2015"]
[Source "ChessBase"]
[SourceDate "2014.11.20"]
[SourceVersion "1"]
[SourceVersionDate "2014.11.20"]
[SourceQuality "1"]

1. e4 e5 2. Nf3 Nc6 3. Nc3 Nf6 4. Bb5 a6 5. Bxc6 dxc6 6. Nxe5 Bd6 7. Nc4 Bg4 8. Ne2 Nxe4 9. Nxd6+ Nxd6 10. 0-0 0-0 11. Qe1 Re8 12. f3 Bh5 13. Qg3 Rxe2 14. Re1 Nf5 15. Qf4 Rxe1+ 16. Kf2 Qe7 17. Qxf5 Bg6 18. Qg4 Qe2+ 19. Kg3 Qe5+ 20. f4 Qh5 21. Qxh5 Bxh5 22. Kf2 Rd1 23. d3 Re8 24. Kg3 f5 25. b3 g6 26. h4 c5 27. c4 c6 28. a4 a5 29. Kh2 Bg4 30. Kg3 Rxd3+ 31. Kh2 Re2 32. Ba3 Rh3+ 33. Kg1 Rg3 34. Kf1 Rgxg2 35. Bxc5 Bh3 36. Rd1 Rh2+ 37. Kg1 Reg2+ 38. Kf1 Rd2+ 39. Ke1 Rxd1+ 40. Kxd1 Bg4+ 41. Ke1 Rxh4 42. b4 axb4 43. Bxb4 h5 44. Kd2 Rh3 45. Bc3 Rf3 46. Kc2 h4 47. a5 h3 48. Kb3 h2 49. Kb4 h1Q 50. Kc5 Rxc3 51. Kb6 Qb1+ 52. Kc5 Rd3 53. a6 bxa6 54. Kxc6 a5 55. c5 Qc1 56. Kb6 Rd5 57. c6 Qc5+ 58. Kb7 Qe3 59. c7 Rb5+ 60. Ka6 Qb6# 0-1